000 00205nmm a2200085Ia 4500
008 220120s9999||||xx |||||||||||||||||und||
100 _aLinux for you
245 0 _aFedora 20; Installation DVD
260 _c2014
999 _c139881
_d139881